Xunzi ji shi /

Saved in:
Bibliographic Details
Main Author: Xunzi, 340 B.C.-245 B.C.
Other Authors: Li, Disheng.
Format: Book
Language:Chinese
Published: Taibei Shi : Taiwan xue sheng shu ju, Min guo 68 [1979]
Edition:Chu ban.
Tags: Add Tag
No Tags, Be the first to tag this record!
LEADER 00886cam a2200265 a 4500
001 007728896-3
005 20024617111505.0
008 961024s1979 ch b 000 0 chi d
035 0 |a ocm22817720 
035 0 |a ocm35787650 
040 |a NNStJ  |c NNStJ  |d *YNH*  |d CStRLIN 
100 0 |6 880-01  |a Xunzi,  |d 340 B.C.-245 B.C. 
245 1 0 |6 880-02  |a Xunzi ji shi /  |c Li Disheng zhu. 
250 |6 880-03  |a Chu ban. 
260 |6 880-04  |a Taibei Shi :  |b Taiwan xue sheng shu ju,  |c Min guo 68 [1979] 
300 |a ix, 692 p. ;  |c 22 cm. 
504 |a Includes bibliographical references (p. 691-692). 
700 1 |6 880-05  |a Li, Disheng. 
880 0 |6 100-01  |a 荀子,  |d 340 B.C.-245 B.C. 
880 1 0 |6 245-02  |a 荀子集釋 /  |c 李滌生著. 
880 |6 250-03  |a 初版. 
880 |6 260-04  |a 臺北市 :  |b 台灣學生書局,  |c 民國68 [1979] 
880 1 |6 700-05  |a 李滌生. 
988 |a 20021109 
906 |0 OCLC